Rolling Stone's Top 50 Best Stand-Up Comedians - Statistics

General Stats
  • This quiz has been taken 261 times
  • The average score is 13 of 50
Answer Stats
# Comedian % Correct
1 Richard Pryor
72%
5 Chris Rock
70%
25 Eddie Murphy
69%
2 George Carlin
66%
7 Jerry Seinfeld
65%
6 Joan Rivers
52%
12 Robin Williams
52%
9 Dave Chapelle
49%
11 Steve Martin
47%
4 Louis C.K
45%
3 Lenny Bruce
42%
8 Bill Cosby
41%
17 Bill Burr
39%
18 Kevin Hart
36%
26 Rodney Dangerfield
33%
43 Amy Schumer
29%
23 Don Rickles
29%
27 Redd Foxx
28%
31 Sarah Silverman
28%
41 Bernie Mac
26%
38 Rosanne Barr
26%
13 Bill Hicks
24%
30 Woody Allen
24%
15 Steven Wright
23%
20 Mitch Hedberg
22%
37 Sam Kinison
20%
14 Andy Kaufman
17%
19 Albert Brooks
16%
21 Bob Newhart
15%
32 Patrice O'Neal
13%
50 Wanda Sykes
12%
24 Eddie Izzard
11%
42 Phyllis Diller
11%
44 Russell Peters
11%
40 Garry Shandling
10%
49 Aziz Ansari
9%
22 Jonathan Winters
9%
10 Mort Sahl
9%
16 Billy Connolly
8%
48 Margaret Cho
8%
34 Patton Oswalt
7%
33 Janeane Garofalo
6%
28 Robert Klein
6%
45 Freddie Prinze
5%
35 Tig Notaro
5%
39 Moms Mabley
4%
47 Elayne Boosler
3%
29 Dick Gregory
2%
46 Reggie Watts
1%
36 Daniel Kitson
0%
No matching quizzes found
Score Distribution
Percent of People with Each Score
Percentile by Number Answered
Your Score History
You have not taken this quiz